Vplyv štýlu vedenia v pracovnej skupine na výkonnosť zamestnancov bakalárska práca

Salvato in:
Dettagli Bibliografici
Autore principale: Marešová, Nicole
Ente Autore: Fakulta podnikového manažmentu EU. Katedra manažmentu
Altri autori: Jamnický, Peter
Natura: Libro
Lingua:slovacco
Pubblicazione: Bratislava 2015
Tags: Aggiungi Tag
Nessun Tag, puoi essere il primo ad aggiungerne!!

MARC

LEADER 00000nbm a2200000 4500
001 0207211
005 20170111095021.6
041 0 |a slo 
044 |a SK 
245 1 0 |a Vplyv štýlu vedenia v pracovnej skupine na výkonnosť zamestnancov  |b bakalárska práca  |c Nicole Marešová ; školiteľ: Peter Jamnický 
264 1 |a Bratislava  |c 2015 
300 |a 56 s. 
100 1 |a Marešová, Nicole 
700 1 |a Jamnický, Peter 
710 2 |a Fakulta podnikového manažmentu EU. Katedra manažmentu